Sports Quiz

Random Sports or NHL Quiz
Score 0/67 Timer 08:00
0 Plays Today
Hint Answer % Correct
2010 Quarterfinals (Nashville)Jonathan Toews
98.6%
2010 Semifinals (Vancouver)Jonathan Toews
98.6%
2010 Conference Finals (San Jose)Jonathan Toews
98.6%
2012 Quarterfinals (Phoenix)Jonathan Toews
98.6%
2014 First Round (St. Louis)Jonathan Toews
98.6%
2014 First Round (St. Louis)Jonathan Toews
98.6%
2014 First Round (St. Louis)Jonathan Toews
98.6%
2014 Second Round (Minnesota)Jonathan Toews
98.6%
2010 Stanley Cup Finals (Philadelphia)Patrick Kane
97.1%
2011 Quarterfinals (Vancouver)Duncan Keith
97.1%
2013 Conference Finals (Los Angeles)Patrick Kane
97.1%
2013 Stanley Cup Finals (Boston)Patrick Kane
97.1%
2014 First Round (St. Louis)Patrick Kane
97.1%
2014 Second Round (Minnesota)Patrick Kane
97.1%
2014 Second Round (Minnesota)Patrick Kane
97.1%
2014 Conference Finals (Los Angeles)Duncan Keith
97.1%
2014 Conference Finals (Los Angeles)Patrick Kane
97.1%
2015 First Round (Nashville)Duncan Keith
97.1%
2015 First Round (Nashville)Duncan Keith
97.1%
2015 Second Round (Minnesota)Patrick Kane
97.1%
2015 Second Round (Minnesota)Patrick Kane
97.1%
2015 Conference Finals (Anaheim)Patrick Kane
97.1%
2015 Stanley Cup Finals (Tampa Bay)Duncan Keith
97.1%
2016 First Round (St. Louis)Patrick Kane
97.1%
2013 Semifinals (Detroit)Brent Seabrook
95.7%
2013 Stanley Cup Finals (Boston)Brent Seabrook
95.7%
2015 First Round (Nashville)Brent Seabrook
95.7%
2010 Quarterfinals (Nashville)Patrick Sharp
90%
2013 Quarterfinals (Minnesota)Patrick Sharp
90%
2013 Quarterfinals (Minnesota)Patrick Sharp
90%
2010 Quarterfinals (Nashville)Marian Hossa
88.6%
2011 Quarterfinals (Vancouver)Marian Hossa
88.6%
2013 Conference Finals (Los Angeles)Marian Hossa
88.6%
2013 Conference Finals (Los Angeles)Marian Hossa
88.6%
Hint Answer % Correct
2015 Second Round (Minnesota)Marian Hossa
88.6%
2015 Conference Finals (Anaheim)Marian Hossa
88.6%
2014 Second Round (Minnesota)Brandon Saad
85.7%
2015 First Round (Nashville)Brandon Saad
85.7%
2015 Stanley Cup Finals (Tampa Bay)Brandon Saad
85.7%
2016 First Round (St. Louis)Artemi Panarin
81.4%
2013 Semifinals (Detroit)Andrew Shaw
80%
2013 Stanley Cup Finals (Boston)Andrew Shaw
80%
2010 Quarterfinals (Nashville)Dave Bolland
75.7%
2013 Stanley Cup Finals (Boston)Dave Bolland
75.7%
2010 Semifinals (Vancouver)Dustin Byfuglien
72.9%
2010 Conference Finals (San Jose)Dustin Byfuglien
72.9%
2010 Conference Finals (San Jose)Dustin Byfuglien
72.9%
2010 Conference Finals (San Jose)Dustin Byfuglien
72.9%
2010 Stanley Cup Finals (Philadelphia)Dustin Byfuglien
72.9%
2012 Quarterfinals (Phoenix)Bryan Bickell
71.4%
2013 Quarterfinals (Minnesota)Bryan Bickell
71.4%
2013 Conference Finals (Los Angeles)Bryan Bickell
71.4%
2013 Semifinals (Detroit)Johnny Oduya
55.7%
2010 Semifinals (Vancouver)Kris Versteeg
52.9%
2010 Semifinals (Vancouver)Kris Versteeg
52.9%
2013 Quarterfinals (Minnesota)Marcus Kruger
51.4%
2015 Conference Finals (Anaheim)Marcus Kruger
51.4%
2015 Conference Finals (Anaheim)Antoine Vermette
48.6%
2015 Stanley Cup Finals (Tampa Bay)Antoine Vermette
48.6%
2015 Stanley Cup Finals (Tampa Bay)Antoine Vermette
48.6%
2015 Second Round (Minnesota)Teuvo Teravainen
44.3%
2011 Quarterfinals (Vancouver)Ben Smith
41.4%
2013 Semifinals (Detroit)Michael Frolik
37.1%
2014 Conference Finals (Los Angeles)Michal Handzus
37.1%
2010 Stanley Cup Finals (Philadelphia)Tomas Kopecky
24.3%
2010 Stanley Cup Finals (Philadelphia)Ben Eager
24.3%
2016 First Round (St. Louis)Dale Weise
8.6%
Remove Ads.
Support Sporcle.
Get the best of Sporcle when you Go Orange. This ad-free experience offers more features, more stats, and more fun while also helping to support Sporcle. Thank you for becoming a member.

You're not logged in!

Compare scores with friends on all Sporcle quizzes.
OR
Log In

Sporcle TV

Today on Sporcle TV


Watch our educational content, quiz creation guides, and fun videos on Sporcle TV.

Show Comments

Extras

Top Quizzes Today


Score Distribution

Paid Content

Your Account Isn't Verified!

In order to create a playlist on Sporcle, you need to verify the email address you used during registration. Go to your Sporcle Settings to finish the process.

Report this User

Report this user for behavior that violates our Community Guidelines.

Details: